| 000 | 00617nam a22002057a 4500 | ||
|---|---|---|---|
| 005 | 20140409101726.0 | ||
| 010 | _aENG-109620 | ||
| 020 |
_c250.00 _a9788189941345 |
||
| 035 | _aEN-93153 | ||
| 037 | _bDBAD/PUB | ||
| 082 | _a579.2 | ||
| 100 | _aRajan, S. | ||
| 245 |
_aVirology / _cby S. Rajan [and] V. Kumaresan |
||
| 260 |
_bSaras Publication _c2010 _aNagercoil |
||
| 270 |
_bNagercoil _e629002 _a114/35G, A. R. P. Camp Road, Periavilai, Kottar P. O., |
||
| 300 |
_axii,504p. : _c22cm(pbk) _bill |
||
| 500 | _aIncludes index | ||
| 700 | _aKumaresan, V. | ||
| 942 |
_2ddc _cEN _mRAJ _h579.2 |
||
| 999 |
_c83161 _d83161 |
||